Statistics for Name The NBA Player By Picture

Click here to take the quiz!

General Stats

  • This quiz has been taken 145 times
  • The average score is 20 of 21

Answer Stats

Answer % Correct
Stephen Curry
99%
LeBron James
99%
Kobe Bryant
99%
Shaquille O'Neal
99%
Magic Johnson
98%
Dirk Nowitzki
98%
Larry Bird
98%
James Harden
98%
Kevin Durant
98%
Michael Jordan
98%
Allen Iverson
97%
Jerry West
97%
Dwyane Wade
97%
Russell Westbrook
96%
Chris Paul
96%
Charles Barkley
95%
Tim Duncan
95%
Wilt Chamberlain
94%
Kevin Garnett
92%
Bill Russell
88%
Oscar Robertson
83%

Score Distribution

Percentile by Number Answered

Percent of People with Each Score

Your Score History

You have not taken this quiz